000 00361nam a2200145Ia 4500
008 230917s9999||||xx |||||||||||||| ||und||
040 _e6836
_aMAIN
041 _aEnglish
082 _a301.045 L117L
100 _aLachmann, L M
245 0 _aLegacy of Max Weber; Three essays
260 _aBarkeley
_bGlendessary
_c1971
300 _aix, 150 p.
942 _cBK
999 _c192925
_d192925